|
|
|
|
| LEADER |
00000cam a2200000 a 4500 |
| 001 |
85305 |
| 005 |
20230308173802.0 |
| 008 |
000000|1982 ||||||||r|||||||||||spa|| |
| 040 |
|
|
|b spa
|
| 041 |
1 |
|
|a spa
|
| 082 |
0 |
|
|a 370.115
|
| 100 |
1 |
|
|a Ponce, Anibal.
|9 7404
|
| 245 |
1 |
1 |
|a Educación y lucha de clases
|c Aníbal Ponce
|h imp
|
| 264 |
|
|
|a Cali
|b Amanecer
|c 1982
|
| 300 |
|
|
|a 240 páginas:
|c 13.5 cm
|
| 504 |
|
|
|a incl. ref.
|
| 650 |
1 |
|
|a Lucha de clases
|9 1214
|
| 852 |
|
|
|a UC-CDJBV
|c ESTANTERIA CERRADA
|f Compra
|k mariana.feican
|l 1
|m General
|p 00000000
|r 2
|t 85305
|b 0
|d CDRC
|e CDRC
|g 370.115 ESTANTERIA CERRADA
|z 0000-00-00
|
| 942 |
|
|
|c BK
|
| 999 |
|
|
|c 44472
|d 44472
|